000 006960000a22001930004500
001 768714001
003 CO-MdFUSB
005 20170419113525.0
008 170419s1999 cr ||||| |||| 00| 0 spa d
040 _aCO-MdFUSB
_bspa
_cCO-MdFUSB
_dCO-MdFUSB
041 _aspa
100 1 _aBartel, Stevan
_eautor
245 1 0 _aHecho a imagen de Dios :
_bla importancia de no darse por vencido ante un caso difícil.
300 _aVolumen 1-4, número 1-12, (1999), Páginas 8 - 9
_c27 cm.
546 _aTexto en español
650 1 4 _aTRABAJO SOCIAL CON NIÑOS - ESTUDIO DE CASOS
773 0 _tAlcanzando a los Niños en Riesgo
_049458
_960566
_gVolumen 1-4, número 1-12, (1999)
_q Página 8
942 _cANA
999 _c49531
_d49531